Gótico americano : alguns percursos (Registo nº 201341)

Detalhes MARC
000 -Etiqueta do registo
Valores 00956nam 22002173 4500
010 ## - Número ISBN
ISBN 978-989-755-308-0
021 ## - Número do Depósito Legal
Código do país Portugal
Número 435127/17
100 ## - Dados gerais de processamento
Dados gerais 20260317d u||y0pory50 ba
200 ## - Titulo e menção de responsabilidade
Título próprio Gótico americano : alguns percursos
Primeira menção de responsabilidade ed. Maria Antónia Lima
205 ## - Menção da edição
Edição
210 ## - Publicação
Local de publicação Vila Nova de Famalicão
Nome do editor Húmus
Data de publicação 2017
215 ## - Descrição física 
Paginação / Volumes 216 p.
Outras indicações físicas brochado
Dimensões 23 cm
300 ## - Notas gerais 
Texto da nota João Luis Nabo professor de inglês e alemão no agrupamento de escolas de Montemor-o-Novo. Escritor já com alguns livros publicados. Dirige ainda o Grupo Coral de S. Domingos desde 1987.<br/>Neste livro é autor de um texto na pág. 113<br/>Vários dos autores deste livro são professores em várias localidades do Alentejo e na Universidade de Évora
606 ## - Nome comum usado como assunto
ID Autoridade 3661
Palavra de ordem Crítica Literária.Estudos Literários
675 ## - CDU
Notação 82.09
Edição PT
Língua por
701 ## - Co-autor principal (pessoa individual)
ID Autoridade 1534
Apelido Lima
Nome Maria Antónia
801 ## - Fonte de origem
País PT
Agência BMMN
Regras de catalogação RPC
830 ## - Notas gerais do catalogador
Criado por Vanda
990 ## - Elementos KOHA
Tipo de documento Livro
Exemplares
Situação do levantamento Biblioteca de origem Código de barras Cota Permissão de empréstimo Tipo de documento Forma de aquisição
  Biblioteca Municipal de Montemor-o-Novo 30660 82.09 GOT|DEP   Livro Compra

Powered by Koha